[Event "Guernsey op 41st"]
[Site "Vale"]
[Date "2015.10.21"]
[Round "4"]
[White "Corkett, Anthony R"]
[Black "Drenchev, Petar"]
[Result "0-1"]
[WhiteElo "2306"]
[BlackElo "2465"]
[PlyCount "92"]
[EventDate "2015.10.18"]
[EventType "swiss"]
[EventRounds "7"]
[EventCountry "GCI"]
[SourceTitle "CBM 168 Extra"]
[Source "ChessBase"]
[SourceDate "2015.10.29"]
[SourceVersion "1"]
[SourceVersionDate "2015.10.29"]
[SourceQuality "1"]

1. c4 c6 2. g3 d5 3. Bg2 Nf6 4. Nf3 dxc4 5. a4 Na6 6. b3 cxb3 7. Qxb3 Qb6 8. Qd1 e5 9. a5 Qc7 10. Bb2 Bd6 11. 0-0 0-0 12. Na3 e4 13. Nd4 Qxa5 14. Nc4 Qc7 15. Rxa6 bxa6 16. d3 Rb8 17. dxe4 Rd8 18. Qc2 Rxb2 19. Nxb2 Bxg3 20. hxg3 Rxd4 21. e3 Rd8 22. Nd3 a5 23. Rc1 Ba6 24. Nf4 Bb5 25. Qc5 Qb8 26. Qc3 Re8 27. Qxa5 Nxe4 28. Rd1 Nf6 29. Qa3 a6 30. Qc5 h6 31. Rc1 a5 32. Ra1 Qc7 33. Rc1 Re5 34. Qc3 a4 35. Nd3 Re8 36. Nb4 Ra8 37. Qc5 Qa7 38. Qe5 a3 39. Bxc6 Bxc6 40. Nxc6 Qb7 41. Qa1 Qb2 42. Kg2 Nd5 43. e4 Ne3+ 44. Kf3 Nc2 45. Qxb2 axb2 46. Rb1 Ra2 0-1

[Event "Bournemouth op"]
[Site "Bournemouth"]
[Date "2012.04.21"]
[Round "2"]
[White "Corkett, Anthony R"]
[Black "Coburn, Joseph A"]
[Result "1-0"]
[WhiteElo "2306"]
[BlackElo "1792"]
[PlyCount "147"]
[EventDate "2012.04.20"]
[EventType "swiss"]
[EventRounds "5"]
[EventCountry "ENG"]
[SourceTitle "CBM 148 Extra"]
[Source "ChessBase"]
[SourceDate "2012.06.22"]
[SourceVersion "1"]
[SourceVersionDate "2012.06.22"]
[SourceQuality "1"]

1. Nf3 Nf6 2. d4 d6 3. c4 g6 4. Nc3 Bf5 5. g3 Qc8 6. Qb3 Nc6 7. d5 Nd8 8. Be3 Bg7 9. c5 0-0 10. h3 c6 11. g4 Be4 12. Nxe4 Nxe4 13. cxd6 Nxd6 14. Rc1 Qd7 15. Bd4 Bxd4 16. Nxd4 cxd5 17. Qxd5 e6 18. Qb3 Ne4 19. Rd1 Qc7 20. Qa3 Qb6 21. Bg2 Nxf2 22. Kxf2 e5 23. Qb3 exd4 24. Qxb6 axb6 25. Rxd4 Rxa2 26. Rb4 Ra6 27. Rc1 Nc6 28. Bxc6 bxc6 29. Rxc6 Rb8 30. e4 Kf8 31. g5 Kg7 32. h4 h6 33. Kg3 hxg5 34. hxg5 Ra5 35. Kg4 b5 36. e5 Ra4 37. Rf4 Rxf4+ 38. Kxf4 b4 39. Rc7 Rb6 40. b3 Kf8 41. Ke4 Rb5 42. Kd4 Ke8 43. Rc5 Rb7 44. Rc6 Rb5 45. Rc7 Kf8 46. Rc5 Rb7 47. Kc4 Ke7 48. Rc6 Rb8 49. Kc5 Rb7 50. Rf6 Rb8 51. e6 fxe6 52. Rxg6 e5 53. Kd5 Rb5+ 54. Ke4 Kf7 55. Rd6 Kg7 56. Re6 Kf7 57. Rc6 Kg7 58. Re6 Kf7 59. Rxe5 Rb7 60. Kf5 Kg7 61. Re6 Rb5+ 62. Kg4 Rd5 63. Rb6 Rd4+ 64. Kh5 Re4 65. Rb7+ Kg8 66. Kg6 Re6+ 67. Kf5 Rc6 68. Rxb4 Rc5+ 69. Kg6 Rc6+ 70. Kh5 Kg7 71. Rb7+ Kg8 72. b4 Rd6 73. b5 Rd1 74. b6 1-0

[Event "BCF-chT2 0607 (4NCL)"]
[Site "Sunningdale"]
[Date "2007.05.07"]
[Round "11.3"]
[White "Wall, Gavin"]
[Black "Corkett, Anthony R"]
[Result "1-0"]
[WhiteElo "2324"]
[BlackElo "2340"]
[PlyCount "83"]
[EventDate "2006.09.16"]
[EventType "team"]
[EventRounds "11"]
[EventCountry "ENG"]
[SourceTitle "EXT 2008"]
[Source "ChessBase"]
[SourceDate "2007.11.25"]
[SourceVersion "1"]
[SourceVersionDate "2007.11.25"]
[SourceQuality "1"]
[WhiteTeam "Richmond"]
[BlackTeam "Wessex"]
[WhiteTeamCountry "ENG"]
[BlackTeamCountry "ENG"]

1. e4 c5 2. Nf3 Nc6 3. Bb5 a6 4. Bxc6 bxc6 5. 0-0 d6 6. c3 e6 7. d4 cxd4 8. cxd4 Nf6 9. Nc3 Be7 10. Bg5 0-0 11. e5 Nd7 12. Bxe7 Qxe7 13. Rc1 dxe5 14. Nxe5 Nxe5 15. dxe5 c5 16. Ne4 Bb7 17. Nxc5 Bd5 18. Qe2 Rfc8 19. b4 a5 20. a3 axb4 21. axb4 Ra2 22. Qe3 h6 23. Ra1 Rca8 24. Rxa2 Rxa2 25. Rb1 Qa7 26. h3 Rc2 27. Rc1 Rb2 28. Qd4 Qa3 29. Nd7 Qxb4 30. Rc8+ Kh7 31. Nf8+ Kg8 32. Nxe6+ Kh7 33. Qxd5 Qe1+ 34. Kh2 Rxf2 35. Nf8+ Kg8 36. Nd7+ Kh7 37. Qd3+ g6 38. Nf6+ Rxf6 39. exf6 Qe5+ 40. Qg3 Qxf6 41. Qc3 Qf4+ 42. Kg1 1-0

[Event "BCF-chT2 0607 (4NCL)"]
[Site "Sunningdale"]
[Date "2007.03.04"]
[Round "8.2"]
[White "Corkett, Anthony R"]
[Black "Van de Griendt, Jan Willem"]
[Result "1/2-1/2"]
[WhiteElo "2340"]
[BlackElo "2366"]
[PlyCount "35"]
[EventDate "2006.09.16"]
[EventType "team"]
[EventRounds "11"]
[EventCountry "ENG"]
[SourceTitle "EXT 2008"]
[Source "ChessBase"]
[SourceDate "2007.11.25"]
[SourceVersion "1"]
[SourceVersionDate "2007.11.25"]
[SourceQuality "1"]
[WhiteTeam "Wessex"]
[BlackTeam "White Rose"]
[WhiteTeamCountry "ENG"]
[BlackTeamCountry "ENG"]

1. d4 Nf6 2. Nf3 e6 3. g3 c5 4. Bg2 a6 5. 0-0 cxd4 6. Nxd4 Be7 7. b3 d5 8. Bb2 0-0 9. Nf3 Nbd7 10. Nbd2 b5 11. c4 bxc4 12. bxc4 Rb8 13. Qc2 Bb7 14. Rab1 Qc7 15. Rfc1 Rfc8 16. Qd1 Qd6 17. Nd4 Bf8 18. Ba1 1/2-1/2

[Event "BCF-chT2 0607 (4NCL)"]
[Site "Sunningdale"]
[Date "2006.11.12"]
[Round "4.1"]
[White "Corkett, Anthony R"]
[Black "Moore, Gerald C"]
[Result "1-0"]
[WhiteElo "2339"]
[BlackElo "2244"]
[PlyCount "141"]
[EventDate "2006.09.16"]
[EventType "team"]
[EventRounds "11"]
[EventCountry "ENG"]
[SourceTitle "EXT 2008"]
[Source "ChessBase"]
[SourceDate "2007.11.25"]
[SourceVersion "1"]
[SourceVersionDate "2007.11.25"]
[SourceQuality "1"]
[WhiteTeam "Wessex"]
[BlackTeam "Poisoned Pawns"]
[WhiteTeamCountry "ENG"]
[BlackTeamCountry "ENG"]

1. d4 Nf6 2. Nf3 g6 3. e3 Bg7 4. Be2 0-0 5. 0-0 d5 6. Ne5 Nbd7 7. f4 Nxe5 8. fxe5 Ne4 9. c4 c6 10. Nc3 Bf5 11. Qb3 Qd7 12. cxd5 Nxc3 13. bxc3 cxd5 14. Bd2 Rac8 15. c4 Be4 16. c5 Rb8 17. Rac1 Rfc8 18. h3 h5 19. Be1 Qe6 20. Qa4 Bh6 21. Rc3 a6 22. Bf3 Bxf3 23. Rxf3 Qc6 24. Qb3 e6 25. a4 Qd7 26. a5 Bg5 27. Rc2 Kg7 28. Rb2 Rc6 29. Qd1 Rcc8 30. Rbf2 Rf8 31. Bb4 Qb5 32. Qd2 Be7 33. g3 f5 34. Qc3 Rf7 35. Rb2 Qe8 36. Rf1 h4 37. Qe1 Qh8 38. g4 Bg5 39. Rg2 Qh6 40. gxf5 Rxf5 41. Rxf5 exf5 42. Bd2 Rf8 43. Rf2 f4 44. exf4 Bxf4 45. Bxf4 Rxf4 46. Qd2 g5 47. Rxf4 gxf4 48. Qg2+ Kf8 49. Qg4 Ke7 50. Kf2 Qh7 51. Qg5+ Ke8 52. Qxf4 Qc2+ 53. Kg1 Qd1+ 54. Kg2 Qc2+ 55. Qf2 Qg6+ 56. Kh2 Qe4 57. e6 Qxe6 58. Qxh4 Qe2+ 59. Kg1 Qe3+ 60. Kg2 Qd2+ 61. Qf2 Qxa5 62. h4 Qd8 63. Qf4 Qd7 64. h5 Qg7+ 65. Kh2 Kd7 66. Qd6+ Kc8 67. Qe6+ Kd8 68. Qxd5+ Kc8 69. Qe6+ Kd8 70. Qg6 Qxd4 71. Qd6+ 1-0

[Event "BCF-chT2 0506 (4NCL)"]
[Site "Birmingham"]
[Date "2006.05.01"]
[Round "11.3"]
[White "Jones, Richard S"]
[Black "Corkett, Anthony R"]
[Result "1-0"]
[WhiteElo "2308"]
[BlackElo "2354"]
[PlyCount "69"]
[EventDate "2005.10.22"]
[EventType "team"]
[EventRounds "11"]
[EventCountry "ENG"]
[SourceTitle "EXT 2007"]
[Source "ChessBase"]
[SourceDate "2006.11.23"]
[SourceVersion "1"]
[SourceVersionDate "2006.11.23"]
[SourceQuality "1"]
[WhiteTeam "SW Dragons"]
[BlackTeam "Wessex"]
[WhiteTeamCountry "ENG"]
[BlackTeamCountry "ENG"]

1. e4 c5 2. Nf3 Nc6 3. d4 cxd4 4. Nxd4 g6 5. c4 Bg7 6. Be3 Nf6 7. Nc3 0-0 8. Be2 d6 9. 0-0 Bd7 10. Qd2 Nxd4 11. Bxd4 Bc6 12. Bd3 a6 13. Nd5 Nd7 14. Bxg7 Kxg7 15. Rae1 e5 16. Nc3 Qe7 17. b4 b6 18. Rd1 f5 19. Bc2 Rf6 20. Ba4 Bxa4 21. Nxa4 Qf7 22. Qe2 Rc8 23. Rd5 b5 24. cxb5 fxe4 25. Rfd1 axb5 26. Rxb5 Qc4 27. Qxc4 Rxc4 28. Rb7 Rf7 29. Rxd7 Rxd7 30. Nb6 Rcc7 31. Nxd7 Rxd7 32. a4 Kf7 33. b5 Ke7 34. b6 Kd8 35. Rc1 1-0

[Event "BCF-chT2 0506 (4NCL)"]
[Site "Birmingham"]
[Date "2006.04.30"]
[Round "10.3"]
[White "Corkett, Anthony R"]
[Black "Player, Edmund C"]
[Result "1/2-1/2"]
[WhiteElo "2354"]
[BlackElo "2122"]
[PlyCount "84"]
[EventDate "2005.10.22"]
[EventType "team"]
[EventRounds "11"]
[EventCountry "ENG"]
[SourceTitle "EXT 2007"]
[Source "ChessBase"]
[SourceDate "2006.11.23"]
[SourceVersion "1"]
[SourceVersionDate "2006.11.23"]
[SourceQuality "1"]
[WhiteTeam "Wessex"]
[BlackTeam "PYO"]
[WhiteTeamCountry "ENG"]
[BlackTeamCountry "ENG"]

1. Nf3 d5 2. g3 Nf6 3. Bg2 e6 4. 0-0 Be7 5. d3 0-0 6. Nbd2 c5 7. e4 Nc6 8. Qe2 b5 9. c3 a5 10. a4 b4 11. e5 Ne8 12. Ne1 f6 13. f4 fxe5 14. fxe5 Rxf1+ 15. Bxf1 bxc3 16. bxc3 Rb8 17. Bh3 Nc7 18. Ng2 Qe8 19. Nf4 g5 20. Nh5 Qg6 21. g4 Ba6 22. Bf1 Ne8 23. Nf3 Ng7 24. Ng3 Kh8 25. Qe3 h6 26. Ba3 Qf7 27. d4 cxd4 28. Nxd4 Nxd4 29. cxd4 Bxa3 30. Qxa3 Bc4 31. Bxc4 dxc4 32. Rf1 Qg6 33. Qd6 Rb2 34. Qd8+ Kh7 35. Rf8 Rb1+ 36. Nf1 Rxf1+ 37. Rxf1 Qe4 38. h3 Qe3+ 39. Kg2 Qe4+ 40. Rf3 Qe2+ 41. Rf2 Qe4+ 42. Kh2 Qe3 1/2-1/2

[Event "BCF-chT2 0506 (4NCL)"]
[Site "Birmingham"]
[Date "2006.03.05"]
[Round "8.3"]
[White "Thompson, Ian D"]
[Black "Corkett, Anthony R"]
[Result "1/2-1/2"]
[WhiteElo "2295"]
[BlackElo "2354"]
[PlyCount "34"]
[EventDate "2005.10.22"]
[EventType "team"]
[EventRounds "11"]
[EventCountry "ENG"]
[SourceTitle "EXT 2007"]
[Source "ChessBase"]
[SourceDate "2006.11.23"]
[SourceVersion "1"]
[SourceVersionDate "2006.11.23"]
[SourceQuality "1"]
[WhiteTeam "Guildford III"]
[BlackTeam "Wessex"]
[WhiteTeamCountry "ENG"]
[BlackTeamCountry "ENG"]

1. c4 b6 2. Nc3 e6 3. e4 Bb7 4. Nge2 g6 5. d4 Bg7 6. Be3 d6 7. Qd2 Nd7 8. f3 a6 9. Nc1 Bh6 10. f4 Ngf6 11. Bd3 Ng4 12. Bg1 e5 13. N1e2 c5 14. h3 Ngf6 15. dxe5 dxe5 16. Be3 Qe7 17. 0-0 0-0-0 1/2-1/2

[Event "Hampshire op"]
[Site "Eastleigh"]
[Date "2005.11.13"]
[Round "5"]
[White "Corkett, Anthony R"]
[Black "Cordner, David A"]
[Result "1/2-1/2"]
[WhiteElo "2328"]
[BlackElo "1984"]
[PlyCount "140"]
[EventDate "2005.11.11"]
[EventType "swiss"]
[EventRounds "6"]
[EventCountry "ENG"]
[SourceTitle "EXT 2007"]
[Source "ChessBase"]
[SourceDate "2006.11.23"]
[SourceVersion "1"]
[SourceVersionDate "2006.11.23"]
[SourceQuality "1"]

1. d4 Nf6 2. Nf3 e6 3. e3 c5 4. Bd3 Nc6 5. 0-0 b6 6. Nbd2 Be7 7. b3 0-0 8. Bb2 Bb7 9. c4 cxd4 10. exd4 d5 11. Rc1 Rc8 12. Bb1 Re8 13. Qe2 Bf8 14. Rfd1 Rc7 15. Ne5 Nxe5 16. dxe5 Nd7 17. Rc3 g6 18. cxd5 Rxc3 19. Bxc3 Bxd5 20. Ne4 Qc7 21. Bb2 Bxe4 22. Qxe4 Rd8 23. Qc2 Nb8 24. Rxd8 Qxd8 25. h3 Qd7 26. Kh2 Nc6 27. Qe4 Qd2 28. Qc2 Qxc2 29. Bxc2 Bg7 30. f4 h5 31. g3 Bf8 32. Kg2 Bc5 33. Be4 Ne7 34. Kf3 Kf8 35. g4 hxg4+ 36. hxg4 Ke8 37. Bc3 Kd7 38. b4 Bg1 39. b5 Bc5 40. a4 Ba3 41. Bd4 Bb4 42. Ke2 Kc7 43. Be3 Bc3 44. Kd3 Bb4 45. Bf2 Kd7 46. Bg3 Ba5 47. Ke2 Bc3 48. Kf3 Bd2 49. Kg2 Ke8 50. Kh3 Kf8 51. Kh4 Kg7 52. Bh2 Bc3 53. Kh3 Be1 54. Kg2 Kf8 55. Kf1 Bb4 56. Bg3 Ke8 57. Ke2 Kd7 58. Be1 Bxe1 59. Kxe1 Ke8 60. Kd2 Kf8 61. Kc3 Kg7 62. Kd4 Kf8 63. Ke3 Kg7 64. Kf3 Kh7 65. Kg3 Kg7 66. Kh4 Kh6 67. Bg2 g5+ 68. fxg5+ Kg7 69. Be4 Ng6+ 70. Bxg6 fxg6 1/2-1/2

[Event "BCF-chT2 0506 (4NCL)"]
[Site "Birmingham"]
[Date "2005.10.23"]
[Round "2.3"]
[White "Corkett, Anthony R"]
[Black "Adams, David M"]
[Result "1-0"]
[WhiteElo "2354"]
[BlackElo "2235"]
[PlyCount "75"]
[EventDate "2005.10.22"]
[EventType "team"]
[EventRounds "11"]
[EventCountry "ENG"]
[SourceTitle "EXT 2007"]
[Source "ChessBase"]
[SourceDate "2006.11.23"]
[SourceVersion "1"]
[SourceVersionDate "2006.11.23"]
[SourceQuality "1"]
[WhiteTeam "Wessex"]
[BlackTeam "White Rose"]
[WhiteTeamCountry "ENG"]
[BlackTeamCountry "ENG"]

1. d4 e6 2. e4 d5 3. Nc3 Bb4 4. e5 Qd7 5. Nge2 b6 6. a3 Bf8 7. g3 Bb7 8. Bh3 Ne7 9. Be3 Nf5 10. Nf4 Nc6 11. Nce2 Na5 12. Bc1 h5 13. c3 c5 14. b4 cxb4 15. cxb4 Nc4 16. 0-0 Be7 17. Re1 a5 18. Bxf5 exf5 19. e6 Qd6 20. exf7+ Kxf7 21. Nd3 g5 22. Ne5+ Kg7 23. Nf3 f4 24. gxf4 g4 25. Ne5 axb4 26. Ng3 Bc8 27. f5 b3 28. Nxh5+ Kh7 29. Nf7 Qd7 30. Nxh8 Kxh8 31. Qxg4 Bf8 32. Re6 Qh7 33. Rg6 Bd6 34. Bg5 Qxg6 35. Bf6+ Qxf6 36. Nxf6 Bxf5 37. Qxf5 Ra7 38. Re1 1-0

[Event "BCF-chT 0405 (4NCL)"]
[Site "West Bromwich"]
[Date "2005.01.23"]
[Round "6.2"]
[White "Corkett, Anthony R"]
[Black "Hinks Edwards, Thomas RJ"]
[Result "1/2-1/2"]
[WhiteElo "2321"]
[BlackElo "2383"]
[PlyCount "95"]
[EventDate "2004.09.18"]
[EventType "team"]
[EventRounds "11"]
[EventCountry "ENG"]
[SourceTitle "EXT 2006"]
[Source "ChessBase"]
[SourceDate "2005.11.24"]
[SourceVersion "1"]
[SourceVersionDate "2005.11.24"]
[SourceQuality "1"]
[WhiteTeam "Warwicks Select"]
[BlackTeam "Richmond"]
[WhiteTeamCountry "ENG"]
[BlackTeamCountry "ENG"]

1. c4 Nf6 2. g3 c6 3. Bg2 d5 4. Nf3 Bf5 5. 0-0 e6 6. d3 h6 7. b3 Nbd7 8. Bb2 Be7 9. Nc3 0-0 10. Rc1 Bh7 11. d4 Ne4 12. cxd5 exd5 13. Nxe4 Bxe4 14. Ne5 Bxg2 15. Kxg2 Bd6 16. Nxd7 Qxd7 17. Qd3 Rae8 18. Rce1 f5 19. e3 Rf6 20. Bc3 Qe7 21. f3 g6 22. Rf2 Kg7 23. Rfe2 Re6 24. Qc2 Kh7 25. Kf2 Qf6 26. Kg2 Rf8 27. Qd3 h5 28. Rh1 h4 29. Be1 Qg5 30. f4 Qh5 31. Rf1 Be7 32. gxh4 Bxh4 33. Bxh4 Qxh4 34. Rf3 Kg7 35. Rh3 Qd8 36. Rf2 Rh8 37. Rff3 Rxh3 38. Rxh3 Qe7 39. Kf2 Qa3 40. Qb1 a5 41. Rg3 Rf6 42. h4 Kf7 43. Rg5 Ke6 44. h5 gxh5 45. Rxh5 Rf7 46. Kf3 Qf8 47. Qh1 Qe7 48. Kf2 1/2-1/2

[Event "BCF-chT 0405 (4NCL)"]
[Site "West Bromwich"]
[Date "2004.11.21"]
[Round "4.5"]
[White "Snape, Ian L"]
[Black "Corkett, Anthony R"]
[Result "1/2-1/2"]
[WhiteElo "2273"]
[BlackElo "2310"]
[PlyCount "46"]
[EventDate "2004.09.18"]
[EventType "team"]
[EventRounds "11"]
[EventCountry "ENG"]
[SourceTitle "EXT 2006"]
[Source "ChessBase"]
[SourceDate "2005.11.24"]
[SourceVersion "1"]
[SourceVersionDate "2005.11.24"]
[SourceQuality "1"]
[WhiteTeam "The ADS"]
[BlackTeam "Warwicks Select"]
[WhiteTeamCountry "ENG"]
[BlackTeamCountry "ENG"]

1. c4 Nf6 2. Nf3 g6 3. g3 Bg7 4. Nc3 0-0 5. Bg2 c5 6. d4 cxd4 7. Nxd4 Nc6 8. 0-0 Nxd4 9. Qxd4 d6 10. Qd3 Rb8 11. Bd2 Nd7 12. b3 a6 13. Rac1 b5 14. cxb5 axb5 15. Nd5 Ne5 16. Qe3 e6 17. Nb4 Bb7 18. Nc6 Nxc6 19. Bxc6 Bxc6 20. Rxc6 Rc8 21. Rfc1 Rxc6 22. Rxc6 Qa8 23. Rxd6 Qxa2 1/2-1/2

[Event "Guernsey op 30th"]
[Site "Guernsey"]
[Date "2004.10.07"]
[Round "5"]
[White "Thurlow, Kevin J"]
[Black "Corkett, Anthony R"]
[Result "0-1"]
[WhiteElo "2145"]
[BlackElo "2310"]
[PlyCount "76"]
[EventDate "2004.10.03"]
[EventType "swiss"]
[EventRounds "7"]
[EventCountry "GCI"]
[SourceTitle "CBM 102 Extra"]
[Source "ChessBase"]
[SourceDate "2004.11.03"]
[SourceVersion "1"]
[SourceVersionDate "2004.11.03"]
[SourceQuality "1"]

1. e4 c5 2. Nf3 Nc6 3. d4 cxd4 4. Nxd4 g6 5. Nc3 Bg7 6. Be3 Nf6 7. Bc4 0-0 8. Bb3 e6 9. f3 d5 10. exd5 Nxd5 11. Nxd5 exd5 12. 0-0 Na5 13. c3 Nc4 14. Bxc4 dxc4 15. Qd2 a6 16. Rad1 Qa5 17. a3 Re8 18. Rfe1 Bd7 19. Re2 Qd5 20. Rde1 b5 21. Bf2 Rxe2 22. Rxe2 a5 23. Nb3 Qxd2 24. Nxd2 Bf5 25. Ne4 b4 26. axb4 axb4 27. Be1 b3 28. Kf2 h5 29. Bd2 Ra2 30. Bc1 Bxe4 31. fxe4 Be5 32. g3 Kf8 33. Kf3 Ke7 34. Ke3 Ke6 35. Kf3 f6 36. h3 g5 37. g4 h4 38. Rf2 Ra1 0-1

[Event "Guernsey op 30th"]
[Site "Guernsey"]
[Date "2004.10.04"]
[Round "2"]
[White "Johansson, Toni"]
[Black "Corkett, Anthony R"]
[Result "0-1"]
[WhiteElo "2123"]
[BlackElo "2310"]
[PlyCount "140"]
[EventDate "2004.10.03"]
[EventType "swiss"]
[EventRounds "7"]
[EventCountry "GCI"]
[SourceTitle "CBM 102 Extra"]
[Source "ChessBase"]
[SourceDate "2004.11.03"]
[SourceVersion "1"]
[SourceVersionDate "2004.11.03"]
[SourceQuality "1"]

1. e4 c5 2. Nf3 Nc6 3. Nc3 g6 4. d4 cxd4 5. Nxd4 Bg7 6. Be3 Nf6 7. Bc4 0-0 8. Bb3 e6 9. 0-0 d5 10. Nxc6 bxc6 11. e5 Nd7 12. f4 Bb7 13. Na4 f6 14. Nc5 Nxc5 15. Bxc5 Rf7 16. Qd4 Ba6 17. Rfe1 fxe5 18. fxe5 Qg5 19. Qe3 Qh5 20. Qg3 Bh6 21. Be3 Raf8 22. h3 Bf4 23. Bxf4 Rxf4 24. c3 Kg7 25. Bd1 Qf5 26. Bg4 Qf7 27. Re3 c5 28. Rd1 Bc8 29. b3 Qc7 30. Ree1 a5 31. h4 Qe7 32. Rf1 Qf7 33. Rxf4 Qxf4 34. Rd3 Qxg3 35. Rxg3 Rf4 36. h5 Bd7 37. hxg6 hxg6 38. Bh5 Be8 39. Bg4 Bf7 40. Bf3 Rf5 41. Rg4 Be8 42. a3 Rxe5 43. b4 cxb4 44. cxb4 axb4 45. Rxb4 Re3 46. Rb6 Kf7 47. Ra6 Re1+ 48. Kf2 Ra1 49. Ke3 Bb5 50. Ra7+ Kf6 51. Kd4 Rc1 52. a4 Rc4+ 53. Ke3 Rxa4 54. Rb7 Be8 55. Rb8 Bf7 56. Rb7 g5 57. Rb5 g4 58. Be2 Ke5 59. g3 Bg6 60. Kf2 Bf5 61. Rb3 Ra2 62. Ke1 Ra1+ 63. Kf2 Ra5 64. Re3+ Kd6 65. Rb3 d4 66. Rb8 Ke5 67. Rg8 Ra2 68. Ke1 Ke4 69. Bxg4 Ke3 70. Bd1 Rh2 0-1

[Event "BCF-chT2 0304 (4NCL)"]
[Site "West Bromwich"]
[Date "2004.05.23"]
[Round "11.5"]
[White "Corkett, Anthony R"]
[Black "Buckley, David"]
[Result "1/2-1/2"]
[WhiteElo "2314"]
[BlackElo "2203"]
[PlyCount "92"]
[EventDate "2003.11.17"]
[EventType "team"]
[EventRounds "11"]
[EventCountry "ENG"]
[SourceTitle "EXT 2005"]
[Source "ChessBase"]
[SourceDate "2004.11.15"]
[SourceVersion "1"]
[SourceVersionDate "2004.11.15"]
[SourceQuality "1"]
[WhiteTeam "Wessex"]
[BlackTeam "Bristol"]
[WhiteTeamCountry "ENG"]
[BlackTeamCountry "ENG"]

1. e4 c5 2. Nc3 Nc6 3. Bb5 Nd4 4. Bd3 g6 5. Nf3 Bg7 6. 0-0 Nc6 7. h3 d6 8. b3 a6 9. Bb2 b5 10. Rb1 e6 11. a4 b4 12. Ne2 Bxb2 13. Rxb2 Qf6 14. Rb1 Nge7 15. c3 g5 16. Nh2 Ng6 17. Ng4 Qg7 18. f4 h5 19. Ne3 gxf4 20. Nxf4 Nxf4 21. Rxf4 bxc3 22. dxc3 Qxc3 23. Nc4 Qd4+ 24. Kh1 Ne5 25. Nxe5 dxe5 26. Rf6 Ra7 27. Qe2 Rg8 28. Rd1 Qb4 29. Qxh5 Qxb3 30. Be2 Qg3 31. Bf1 c4 32. Qe2 Rc7 33. Rf3 Qh4 34. Rc3 Bb7 35. Rxc4 Rxc4 36. Qxc4 Qxe4 37. Qxe4 Bxe4 38. Rd6 Ke7 39. Rxa6 Rc8 40. Ra7+ Kf6 41. Kg1 Rc1 42. Kf2 Rc2+ 43. Kg3 Rc3+ 44. Kf2 Rc2+ 45. Kg3 Rc3+ 46. Kf2 Rc2+ 1/2-1/2

[Event "BCF-chT2 0304 (4NCL)"]
[Site "West Bromwich"]
[Date "2004.05.02"]
[Round "8.5"]
[White "Walton, Alan J"]
[Black "Corkett, Anthony R"]
[Result "1/2-1/2"]
[WhiteElo "2126"]
[BlackElo "2314"]
[PlyCount "95"]
[EventDate "2003.11.17"]
[EventType "team"]
[EventRounds "11"]
[EventCountry "ENG"]
[SourceTitle "EXT 2005"]
[Source "ChessBase"]
[SourceDate "2004.11.15"]
[SourceVersion "1"]
[SourceVersionDate "2004.11.15"]
[SourceQuality "1"]
[WhiteTeam "Numerica 3CS II"]
[BlackTeam "Wessex"]
[WhiteTeamCountry "ENG"]
[BlackTeamCountry "ENG"]

1. d4 c6 2. c4 g6 3. Nc3 Bg7 4. e4 d6 5. Be3 a6 6. a4 a5 7. Qd2 Na6 8. Nf3 Nb4 9. Be2 Nf6 10. h3 0-0 11. 0-0 d5 12. e5 Ne8 13. Ne1 Be6 14. b3 f6 15. f4 Nc7 16. g4 fxe5 17. fxe5 c5 18. Rxf8+ Qxf8 19. Nd3 cxd4 20. Bxd4 Nxd3 21. Qxd3 dxc4 22. bxc4 Rd8 23. Qe4 Rd7 24. Rb1 Qc8 25. Rb6 Rd8 26. Be3 Na6 27. Qxb7 Qxb7 28. Rxb7 Kf7 29. Ne4 h6 30. Ra7 Nb4 31. Rxa5 Nc6 32. Rc5 Nxe5 33. Bxh6 Bxh6 34. Rxe5 Bc8 35. Rd5 Be3+ 36. Kg2 Rh8 37. Rd3 Bf4 38. Rf3 e5 39. c5 Ke7 40. Nd6 Be6 41. Rd3 Ra8 42. c6 Rxa4 43. c7 Ra8 44. Bf3 e4 45. c8Q Bxc8 46. Nxc8+ Rxc8 47. Bxe4 g5 48. Bf5 1/2-1/2